Kith and kin : (Record no. 130068)

MARC details
000 -LEADER
fixed length control field 00566nam a22002177a 4500
005 - DATE AND TIME OF LATEST TRANSACTION
control field 20170124110106.0
010 ## - LIBRARY OF CONGRESS CONTROL NUMBER
LC control number 767045
020 ## - INTERNATIONAL STANDARD BOOK NUMBER
Terms of availability 00.00
035 ## - SYSTEM CONTROL NUMBER
System control number 767045
037 ## - SOURCE OF ACQUISITION
Source of stock number/acquisition Cen Lib/Ret
040 ## - CATALOGING SOURCE
Original cataloging agency DPL
Language of cataloging EN
082 ## - DEWEY DECIMAL CLASSIFICATION NUMBER
Classification number S
Item number BEN
100 ## - MAIN ENTRY--PERSONAL NAME
Personal name Bentley, Phyllis
9 (RLIN) 28190
245 ## - TITLE STATEMENT
Title Kith and kin :
Statement of responsibility, etc by Phyllis Bentley
Remainder of title nine tales of family life /
260 ## - PUBLICATION, DISTRIBUTION, ETC. (IMPRINT)
Name of publisher, distributor, etc Victor Gollancz
Date of publication, distribution, etc 1960
Place of publication, distribution, etc London
270 ## - ADDRESS
City London
300 ## - PHYSICAL DESCRIPTION
Extent 224p.
Dimensions 20cm(Hb)
650 ## - SUBJECT ADDED ENTRY--TOPICAL TERM
Topical term or geographic name as entry element literature
9 (RLIN) 6262
650 ## - SUBJECT ADDED ENTRY--TOPICAL TERM
Topical term or geographic name as entry element Stories
General subdivision Family
9 (RLIN) 28191
942 ## - ADDED ENTRY ELEMENTS (KOHA)
Source of classification or shelving scheme Dewey Decimal Classification
Koha item type English Books
Classification part S
Call number suffix BEN
Holdings
Withdrawn status Lost status Damaged status Not for loan Home library Current library Date acquired Source of acquisition Cost, normal purchase price Total Checkouts Full call number Barcode Date last seen Copy number Cost, replacement price Price effective from Koha item type Public note
Written off       Central Library Central Library 08/07/2015 Cen Lib/Ret 0.00   S BEN 767045 08/07/2015 1 0.00 08/07/2015 English Books W/d List No. 6849/2 : dtd 16/7/20

© Delhi Public Library
Hit Counter
free hit counter